|
|
|
|
| LEADER |
00000nam0a2200000 4500 |
| 001 |
223034 |
| 005 |
20231101230510.0 |
| 035 |
|
|
|a (RuTPU)RU\TPU\book\243266
|
| 090 |
|
|
|a 223034
|
| 100 |
|
|
|a 20121004d1904 m y0rusy50 ca
|
| 101 |
0 |
|
|a rus
|
| 102 |
|
|
|a RU
|
| 105 |
|
|
|a af z 000zy
|
| 200 |
1 |
|
|a Кирпичное производство на р. Неве и ее притоках
|f Т. Ф. Саноцкий
|
| 210 |
|
|
|a Санкт-Петербург
|c Типо-литография А. Э. Винеке
|d 1904
|
| 215 |
|
|
|a 21 с.
|c ил.
|
| 300 |
|
|
|a Дозволено цензурою. С.-Петербург, 17 июля 1904 года
|
| 300 |
|
|
|a Текст в русской дореформенной орфографии
|
| 316 |
|
|
|5 63413507: 26//337
|a С автографом автора. На титульном листе надпись: "Глубокоуважаемому Е. Л. Зубашеву от автора. 29.08.1905 г."
|
| 317 |
|
|
|5 63413507: 26//337
|a Поступил в НТБ в 1914 г. в дар от первого директора ТТИ профессора Е. Л. Зубашева
|
| 606 |
1 |
|
|a Кирпич строительный
|2 stltpush
|3 (RuTPU)RU\TPU\subj\35024
|9 56817
|
| 610 |
1 |
|
|a кирпичное производство
|
| 610 |
1 |
|
|a кирпичные заводы
|
| 610 |
1 |
|
|a владельцы
|
| 610 |
1 |
|
|a дарственные надписи
|
| 610 |
1 |
|
|a дары автора
|
| 610 |
1 |
|
|a дары библиотеке
|
| 610 |
1 |
|
|a Коллекция Е. Л. Зубашева
|
| 610 |
1 |
|
|a кирпичные глины
|
| 610 |
1 |
|
|a химический анализ
|
| 610 |
1 |
|
|a физические свойства
|
| 610 |
1 |
|
|a кирпичи
|
| 610 |
1 |
|
|a изготовление
|
| 610 |
1 |
|
|a машины
|
| 610 |
1 |
|
|a формовка
|
| 610 |
1 |
|
|a кирпич-сырец
|
| 610 |
1 |
|
|a сушка
|
| 610 |
1 |
|
|a обжиг кирпичей
|
| 610 |
1 |
|
|a стоимость
|
| 610 |
1 |
|
|a рабочие
|
| 610 |
1 |
|
|a рабочий день
|
| 610 |
1 |
|
|a оплата труда
|
| 610 |
1 |
|
|a статистические данные
|
| 675 |
|
|
|a 666.71
|v 3
|
| 700 |
|
1 |
|a Саноцкий
|b Т. Ф.
|
| 801 |
|
1 |
|a RU
|b 63413507
|c 20121004
|
| 801 |
|
2 |
|a RU
|b 63413507
|c 20210705
|g RCR
|
| 942 |
|
|
|c BK
|